| 000 | 01262aam a2200337 i 4500 | ||
|---|---|---|---|
| 001 | 768714001 | ||
| 003 | CO-MdFUSB | ||
| 005 | 20241113152112.0 | ||
| 007 | ta | ||
| 008 | 240808t1985 XXXa|||| |||| 00| 0 spa d | ||
| 040 | _cCO-MdFUSB | ||
| 041 | 0 | _aspa | |
| 082 | 0 | 4 |
_a261.8 _223 _bE746e |
| 100 | 1 |
_aEscobar, Samuel (1934-) _eautor |
|
| 245 | 1 | 0 |
_aEvangelio y realidad social : _bensayos _c/ Samuel Escobar |
| 260 | _a[S.L] : Presencia | ||
| 264 | 0 |
_bEdiciones Presencia, _aSin lugar de publicación : _c[1985] |
|
| 264 | 4 | _c©1985 | |
| 300 |
_a232 páginas _c; 17 cm |
||
| 336 |
_atexto _btxt _2rdacontent |
||
| 337 |
_2rdamedia _asin mediación _bn |
||
| 338 |
_2rdacarrier _avolumen _bnc |
||
| 490 | _aSerie Presencia Evangélica, | ||
| 505 | _aResponsabilidad social de la iglesia. -- La Biblia y la revolución social en América Latina. -- La evangelización y la búsqueda humana de libertad, justicia y realización. -- Evangelización y esperanza cristiana. -- Esperanza y desesperanza en la crisis continental. -- La teología evangélica hoy. -- Respuesta a Lausana. | ||
| 563 | _aRústico | ||
| 650 | 0 |
_aMisiones _9154 |
|
| 650 | 0 |
_aAcción social _91175 |
|
| 650 | 7 |
_aSociología cristiana _9405 |
|
| 942 | _cBK | ||
| 945 | _aJTF-925 | ||
| 999 |
_c39137 _d39137 |
||